000 01199cab a2200217 4500
001 ABS38446
008 090401t1987 xxu||||| |||| 00| 0 eng d
035 _a(Sirsi) u10666
041 _aeng
100 _aHenneberry, John M.
245 _aOccupiers and their use of accommodation on science parks and high technology development
260 _c1987
350 _a0
490 _aLand Development Studies
_v4(2) May 1987, 109-144(36)
520 _aIt has been argued that economic restructuring and changes in companies` behaviour are giving rise to new types of industrial accommodation. The paper examines first the theoretical assumptions on which this view has been based before going on to present the results of a survey of 83 science parks and high tech development s and their occupiers, concentrating particularly on the characteristics of the occupiers. Finally, the theoretical perspectives are combined with the empirical evidence and the implications for the use of industrial accommodation are considered. Tables. References.
650 _aINDUSTRIAL DEVELOPMENT
650 _aTENANTS REQUIREMENTS
690 _aPLANNING LAW AND PRACTICE
942 _n0
948 _c04/03/1997
999 _c6763
_d6763